Essays and Belles Letters (Record no. 2384)

MARC details
000 -LEADER
fixed length control field 00416nam a2200145Ia 4500
008 - FIXED-LENGTH DATA ELEMENTS--GENERAL INFORMATION
fixed length control field 211109s9999||||xx |||||||||||||| ||und||
082 ## - DEWEY DECIMAL CLASSIFICATION NUMBER
Classification number 824
Item number MON-E
100 ## - MAIN ENTRY--PERSONAL NAME
Personal name Montaigne, Michal Lord Of
245 #0 - TITLE STATEMENT
Title Essays and Belles Letters
260 ## - PUBLICATION, DISTRIBUTION, ETC.
Name of publisher, distributor, etc. J.M Dent & Sons
Place of publication, distribution, etc. New York
Date of publication, distribution, etc. 1923
300 ## - PHYSICAL DESCRIPTION
Extent 523p.
630 ## - SUBJECT ADDED ENTRY--UNIFORM TITLE
General subdivision General Stack
650 ## - SUBJECT ADDED ENTRY--TOPICAL TERM
Topical term or geographic name entry element English essays
942 ## - ADDED ENTRY ELEMENTS (KOHA)
Koha item type BOOK
650 ## - SUBJECT ADDED ENTRY--TOPICAL TERM
Form subdivision English & old English Literatures
General subdivision Literature
Holdings
Withdrawn status Lost status Damaged status Not for loan Home library Current library Date acquired Total Checkouts Full call number Barcode Shelving location Date last seen Price effective from Koha item type
        SB LIBRARY SB LIBRARY 09/11/2021   824 MON-E 00002607 GENERAL STACK 09/11/2021 09/11/2021 BOOK

Powered by Koha